| 000 | 00768nac a22002291u 4500 | ||
|---|---|---|---|
| 008 | 130127s2003 -uk||||| |||| 001 0 eng d | ||
| 010 | _a2004270169 | ||
| 020 | _a0199245282 | ||
| 020 | _a0199245290 (pbk.) | ||
| 020 | _a9780199245291 | ||
| 082 | 0 | 4 |
_a330.015195 _bARE _222 |
| 100 |
_aArellano, Manuel. _932014 |
||
| 245 | 1 | 0 |
_aPanel Data Econometrics / _cManuel Arellano. |
| 260 |
_aOxford ; _aNew York : _bOxford University Press, _cc2003. |
||
| 300 |
_axii, 231 p. : _bill. ; _c24 cm. |
||
| 440 | 0 |
_aAdvanced texts in econometrics _932015 |
|
| 504 | _aIncludes bibliographical references (p. 215-226) and index. | ||
| 650 | 0 |
_aEconometrics. _932016 |
|
| 650 | 0 |
_aPanel analysis. _94326 |
|
| 653 |
_bEco _cJanuary2013 |
||
| 942 |
_cBB _k330.015195 ARE _2ddc |
||
| 999 |
_c1047 _d1047 |
||